The encyclopedia of nursing

Đã lưu trong:
书目详细资料
主要作者: Lucile Petry
格式: 图书
语言:Undetermined
出版: Philadelphia W. B. Saunders 1952
主题:
标签: 添加标签
没有标签, 成为第一个标记此记录!
Thư viện lưu trữ: Trung tâm Học liệu Trường Đại học Cần Thơ
LEADER 00481nam a2200181Ia 4500
001 CTU_26554
008 210402s9999 xx 000 0 und d
082 |a 610.7303 
082 |b P493 
100 |a Lucile Petry 
245 4 |a The encyclopedia of nursing 
245 0 |c Lucile Petry 
260 |a Philadelphia 
260 |b W. B. Saunders 
260 |c 1952 
650 |a medicine - terminology 
904 |i Minh, 981013 
980 |a Trung tâm Học liệu Trường Đại học Cần Thơ